000 00481nam a2200181Ia 4500
005 20250508152615.0
008 008 250505s9999 xx 000 0 eng d
037 _aTextual
040 _aFEDL
_beng
_cFEDL
041 _aeng
_2eng
084 _a372.83, HOG
_qFEDL
100 _aHogben Lancelot
245 0 _aLiving in early times
260 _aNorwich
_bJaroold and Sons Ltd
_c1948
300 _a48p.
942 _cTEXL
_h372.83, HOG
999 _c1337560
_d1337560